Therapiemotivation: zur Spezifizierung einer unspezifischen Therapievariablen

Guardado en:  
Detalles Bibliográficos
Autor principal: Veith, Andreas 1962- (Autor)
Tipo de documento: Print Libro
Lenguaje:Alemán
Publicado: Opladen Westdt. Verl. 1997
En: Beiträge zur psychologischen Forschung (35)
Año: 1997
Acceso en línea: Portada
Índice
Verificar disponibilidad: HBZ Gateway
Servicio de pedido Subito: Pedir ahora.
Palabras clave:

MARC

LEADER 00000cam a2200000 c 4500
001 232109664
003 DE-627
005 20251222210032.0
007 tu
008 970813s1997 gw ||||| m 00| ||ger c
015 |a 97,N34,0089  |2 dnb 
015 |a 97,A44,0216  |2 dnb 
016 7 |a 951048163  |2 DE-101 
020 |a 353112871X  |c  : DM 69.00 (kart.)  |9 3-531-12871-X 
035 |a (DE-627)232109664 
035 |a (DE-576)05166965X 
035 |a (DE-599)GBV232109664 
035 |a (OCoLC)312532467 
035 |a (OCoLC)312532467 
035 |a (DE-604)8114979367 
040 |a DE-627  |b ger  |c DE-627  |e rakwb 
041 |a ger 
044 |c XA-DE 
082 0 |a 616.89/14  |q OCLC 
084 |a 11  |a 33  |2 sdnb 
084 |a CU 5500  |2 rvk  |0 (DE-625)rvk/19116: 
084 |a CU 8000  |2 rvk  |0 (DE-625)rvk/19124: 
084 |a 77.72  |2 bkl 
100 1 |8 1\p  |a Veith, Andreas  |d 1962-  |0 (DE-588)115561218  |0 (DE-627)077329864  |0 (DE-576)289950139  |4 aut 
109 |a Veith, Andreas 1962-  |a Veith, Andreas Veit 1962- 
245 1 0 |a Therapiemotivation  |b zur Spezifizierung einer unspezifischen Therapievariablen  |c Andreas Veith 
264 1 |a Opladen  |b Westdt. Verl.  |c 1997 
300 |a 362 S.  |b graph. Darst.  |c 23 cm 
336 |a Text  |b txt  |2 rdacontent 
337 |a ohne Hilfsmittel zu benutzen  |b n  |2 rdamedia 
338 |a Band  |b nc  |2 rdacarrier 
490 1 |a Beiträge zur psychologischen Forschung  |v 35 
502 |a Zugl.: Bochum, Univ., Diss., 1995 
583 1 |a Archivierung/Langzeitarchivierung gewährleistet  |f SLG  |x XA-DE-NI  |z Bücherarchiv der GWV-Verlage  |2 pdager  |5 DE-84 
583 1 |a Archivierung prüfen  |c 20240324  |f DE-4165  |z 3  |2 pdager 
655 7 |a Hochschulschrift  |0 (DE-588)4113937-9  |0 (DE-627)105825778  |0 (DE-576)209480580  |2 gnd-content 
689 0 0 |d s  |0 (DE-588)4047746-0  |0 (DE-627)106193694  |0 (DE-576)209074590  |a Psychotherapie  |2 gnd 
689 0 1 |d s  |0 (DE-588)4126073-9  |0 (DE-627)105735140  |0 (DE-576)209582022  |a Therapieerfolg  |2 gnd 
689 0 2 |d s  |0 (DE-588)4040364-6  |0 (DE-627)106223844  |0 (DE-576)209039698  |a Motivation  |2 gnd 
689 0 |5 DE-101 
751 |a Bochum  |0 (DE-588)4007328-2  |0 (DE-627)106374028  |0 (DE-576)208869697  |4 uvp 
830 0 |a Beiträge zur psychologischen Forschung  |v 35  |9 35  |w (DE-627)129162949  |w (DE-576)00924736X  |w (DE-600)50121-9  |x 0932-5263  |7 am 
856 4 2 |u http://www.gbv.de/dms/bs/toc/232109664.pdf  |m V:DE-601  |m B:DE-84  |q pdf/application  |x Verlag  |y Inhaltsverzeichnis  |3 Inhaltsverzeichnis  |7 1 
856 4 2 |u https://swbplus.bsz-bw.de/bsz05166965xcov.jpg  |m V:DE-576  |m X:springer  |q image/jpeg  |v 20151126135214  |3 Cover  |7 1 
883 |8 1\p  |a cgwrk  |d 20241001  |q DE-101  |u https://d-nb.info/provenance/plan#cgwrk 
935 |i Blocktest 
936 r v |a CU 5500  |b Verhaltensmedizin, Psychosomatik  |k Psychologie  |k Klinische Psychologie  |k Verhaltensmedizin, Psychosomatik  |0 (DE-627)1270876252  |0 (DE-625)rvk/19116:  |0 (DE-576)200876252 
936 r v |a CU 8000  |b Allgemeines, Einführungen, Gesamtdarstellungen  |k Psychologie  |k Klinische Psychologie  |k Psychologische Behandlungsmethoden, Psychotherapie  |k Allgemeines, Einführungen, Gesamtdarstellungen  |0 (DE-627)1271481030  |0 (DE-625)rvk/19124:  |0 (DE-576)201481030 
936 b k |a 77.72  |j Psychotherapie: Allgemeines  |0 (DE-627)106412795 
951 |a BO 
ELC |b 1 
LOK |0 000 xxxxxcx a22 zn 4500 
LOK |0 001 3116204284 
LOK |0 003 DE-627 
LOK |0 004 232109664 
LOK |0 005 20151116135110 
LOK |0 008 150728||||||||||||||||ger||||||| 
LOK |0 035   |a (DE-21-110)kd52409 
LOK |0 040   |a DE-21-110  |c DE-627  |d DE-21-110 
LOK |0 689   |a s  |a Therapiemotivation 
LOK |0 852   |z Kein Bestand am IfK; Nachweis für KrimDok 
LOK |0 852   |a DE-21-110 
LOK |0 852 1  |9 00 
LOK |0 935   |a k110 
LOK |0 939   |a 28-07-15  |b l01 
ORI |a SA-MARC-krimdoka001.raw